000 00243nam a2200121Ia 4500
100 _aPull/E
942 _cBK
245 _aWorkshop Practice
260 _bTECHNICAL PUBLICATIONS
_c1952
082 _a621.9
300 _a739
546 _aENGLISH
999 _c26513
_d26513